01293 a2200169 45000010006000000050017000060080041000230030015000640400040000790800022001192450041001412640080001823000044002625050782003061000018010887000017011063069820260407155616.0260407a1947 arg spa dAR-UNSa-BCEJYS aAR-UNSa-BCEJYSbspacAR-UNSa-BCEJYS a657xContabilidad10aMétodos de contabilidad industrial 1aMéxico :bUnión Tipográfica Editorial Hispano-Americana (UTEHA)c1947 a2v.(xxii, 462; ix, 466-1364 p.)c23 cm. a1. Funciones de un sistema de contabilidad - 2. Mecánica de la contabilidad - 3. Principios de la organización del sistema - 4. Compras y cuentas a pagar - 5. Nóminas de salarios - 6. Desembolsos en efectivo - 7. Registros de inventarios y existencias - 8. Ventas y cuentas a cobrar - 9. Cobros en efectivo - 10. Gastos de venta y administración - 11. Diversas cuentas de activo - 12. Sistemas y procedimientos de costos - 13. Contabilidad mecánica e instrumentos de oficina - 14. Los presupuestos, brújula de la gerencia y manera de confeccionarlos - 15. Informes para la gerencia - Sección II - 1. Impuestos federales sobre la renta - 2. Leyes de impuestos sobre la nómina de salarios - 3. Ley de jornada máxima y salario - 4. Otra legislación reguladora 1 aCivera, Marin1 aLasser, J.K.